2018 Worldwide Box Office - Statistics

General Stats
  • This quiz has been taken 11 times
  • The average score is 8 of 10
Answer Stats
Rank Movie Title Worldwide Box Office (USD) Distributor/Studio Genre % Correct
1 Avengers: Infinity War $2,048,158,241 Disney Superhero/Comics
100%
2 Black Panther $1,334,157,082 Disney Superhero/Comics
100%
5 Aquaman $1,148,861,807 Warner Bros. Superhero/Comics
88%
10 Fantastic Beasts: The Crimes of Grindelwald $655,755,901 Warner Bros. Fantasy
75%
3 Jurassic World: Fallen Kingdom $1,308,323,302 Universal Sci-Fi/Monster
75%
7 Venom $856,081,053 Sony Superhero/Comics
75%
6 Bohemian Rhapsody $879,088,897 20th Century Fox Biography/Musical
63%
8 Deadpool 2 $786,362,370 20th Century Fox Superhero/Comics
63%
4 Incredibles 2 $1,242,805,359 Disney Family/Animation
63%
9 Mission: Impossible—Fallout $786,269,620 Paramount Action
63%
No matching quizzes found
Score Distribution
Percent of People with Each Score
Percentile by Number Answered
Your Score History
You have not taken this quiz